000 00481nam a22001817a 4500
999 _c525443
_d525443
003 NUST
005 20190702063924.0
038 _aFaiza
082 _a891.43109
_bTAH
100 _aTahir Qayyum Tahir
_916314
245 _aIzhar-e-Mohabbat /
_cTahir Qayyum Tahir
260 _aLahore:
_bTaha Publications,
_c2013.
300 _a148p. ;
500 _aHard Cover
880 _6100-01\r
_aطاہر قیوم طاہر
880 _6245-02\r
_a /اظہارِمحبت
942 _2ddc
_cBK